000 00787nam a2200241Ii 4500
003 JO-AjNU
008 230605s9999||||xx |||||||||||||| ||und||
017 _a1424/1019
020 _a9960-43-884-8
040 _aJO-AjNU
_bara
_erda
_cJO-AjNU
041 _aara
050 1 4 _aTP248.65 2003
100 3 _aالدويك، جميل القدسي ,
_eauthor
_920636
245 0 0 _aالغذاء الميزان القمح والشعير غذاء ووقاء وشفاء
250 _aط1
264 3 1 _aجدة، 2003
300 _a164ص
336 _atext
_btxt
_2rdacontent
337 _aunmediated
_bn
_2rdamedia
338 _avolume
_bnc
_2rdacarrier
490 0 _aسلسلة اسس علم التغذية والطاقة الاسلامي
650 4 _aالغذاء المتوازن
_920637
999 _aA7028
_c10596
_d10596